Normal view
MARC view
- greenall,simon تأليف;Michael,Swan م.مشارك
Entry Personal Name
001 - CONTROL NUMBER
- control field: 1573
003 - CONTROL NUMBER IDENTIFIER
- control field: JO-AjAnu
005 - DATE AND TIME OF LATEST TRANSACTION
- control field: 20230606070548.0
008 - FIXED-LENGTH DATA ELEMENTS
- fixed length control field: 230606|| aca||aabn | a|a d
040 ## - CATALOGING SOURCE
- Original cataloging agency: JO-AjAnu
- Transcribing agency: JO-AjAnu
100 ## - HEADING--PERSONAL NAME
- Personal name: greenall,simon تأليف;Michael,Swan م.مشارك
670 ## - SOURCE DATA FOUND
- Source citation: Work cat.: (JO-AjAnu)826: greenall,simon تأليف;Michael,Swan م.مشارك, author, Effective Reading:Reading Skills For Advanced students:Teacher's Book